00481nam a22001337a 4500003000500000005001700005008004100022038000600063082001400069100003900083245016000122260005600282300000900338NUST20180621111451.0180620b ||||| |||| 00| 0 eng d a0 a301.32954 4Population Association of Pakistan aSharing Population and development Research across South and West Asiabfifth annual research conference proceedings 14-16 December 2004, Karachi, Pakistan aIslamabadbPopulation Association of Pakistanc2005 a705p